| 000 | 01838cab a2200205 4500 | ||
|---|---|---|---|
| 001 | ##L135253 | ||
| 008 | 061009n2006 000 0 eng u | ||
| 035 | _a(Sirsi) u135253 | ||
| 041 | 0 | _aeng | |
| 245 | 0 | 0 | _aCaroline Linda Annette Neville v The Cowdray Trust Ltd and Rathbone Trust Company Ltd |
| 260 | _c2006 | ||
| 520 | _a[2006] EWCA Civ 709, 5 May 2006. Considers whether the judgment that a tenant had satisfied the low rent requirements of the Leasehold Reform Act 1967 s4A was correct. Appeal by C against a declaration that N was entitled to purchase the freehold conversion of a property. N had been assigned in the tenancy in 1987 of two cottages converted into one dwelling house with a rateable value registered at £158. N sought entitlement to enfranchisement under the Act on the grounds that she had a long lease and satisfied the low rent test stipulated in s4A of the Act as the single dwelling had not existed at the time of the original lease and therefore had no rateable value. C contended that the judge had erred in his decision and that the Rent Act 1977 s25(1) applied to the ascertainment of the rateable value of the property under s4A of the 1967 Act. "Held": the judge erred in holding that the property had no rateable value at the commencement of the tenancy. The effect of the application of s25(1) of the 1977 Act to s4(A) of the 1967 Act was to direct attention to heriditaments whose value was shown in the rateable value register. | ||
| 590 | _aIKA171006 | ||
| 650 | 2 | 4 | _aNEVILLE V COWDRAY TRUST AND ANOTHER |
| 650 | 2 | 4 | _aRENT ACT 1977 S25(1) |
| 651 | 4 |
_aEngland and Wales _y1543- |
|
| 690 | _aPROPERTY-RURAL AND NATURAL ASSETS-AGRICULTURAL PROPERTY | ||
| 856 |
_uhttps://www.bailii.org/ew/cases/EWCA/Civ/2006/709.html _zView the judgment free of charge at www.bailii.org... |
||
| 942 | _n0 | ||
| 999 |
_c77841 _d77841 |
||